Romances Choisis (Record no. 163908)

MARC details
000 -LEADER
campo de control de longitud fija 00711nam a2200205 i 4500
001 - NÚMERO DE CONTROL
campo de control 163908
003 - IDENTIFICADOR DE NÚMERO DE CONTROL
campo de control ES-MaACL
005 - FECHA Y HORA DE LA ÚLTIMA TRANSACCIÓN
campo de control 20230906212832.0
008 - DATOS DE LONGITUD FIJA--INFORMACIÓN GENERAL
campo de control de longitud fija 991112s1887 fr |||| | fre d
040 ## - FUENTE DE CATALOGACIÓN
Centro catalogador/agencia de origen AS
Lengua de catalogación spa
Centro/agencia transcriptor AS
245 00 - MENCIÓN DEL TÍTULO
Título Romances Choisis
Resto del título : romances históricos, fronterizos, novelescos ... /
Mención de responsabilidad, etc. textes annotés ... par Jean Ducamin.
260 ## - PUBLICACIÓN, DISTRIBUCIÓN, ETC.
Lugar de publicación, distribución, etc. Paris :
Nombre del editor, distribuidor, etc. Garnier Fréres,
Fecha de publicación, distribución, etc. [s.a.] (
Lugar de fabricación/manufactura Corbeil :
Fabricante Imprimerie Ed. Crété)
300 ## - DESCRIPCIÓN FÍSICA
Extensión 240 p. ;
Dimensiones 18 cm.
490 1# - MENCIÓN DE SERIE
Mención de serie Collection E. Merimée
596 ## - NOTA AL PIE DE IMPRENTA
NOTA AL PIE DE IMPRENTA En introducción consta 1887.
700 0# - ENTRADA AGREGADA--NOMBRE PERSONAL
Nombre de persona Ducamin, Jean.
9 (RLIN) 45800
830 0# - PUNTO DE ACCESO ADICIONAL DE SERIE-TÍTULO UNIFORME
Título uniforme Collection E. Merimée
9 (RLIN) 222313
852 ## - LOCALIZACIÓN
Ubicación ES-MaACL
Número de control de estantería G-15865
Nota libre -- Enc. tela
Holdings
Estatus retirado Estado de pérdida Estado de daño No para préstamo Biblioteca de origen Biblioteca actual Ubicación en estantería Fecha de adquisición Fuente de adquisición Total de préstamos Signatura topográfica completa Código de barras Visto por última vez Precio de reemplazo Tipo de ítem Koha
        Biblioteca del Ateneo de Madrid Biblioteca del Ateneo de Madrid Sala Pecera Planta 3 17/01/2008     G-15865 1171780 23/02/2023 23/02/2023 Libro impreso